000 00734nam a2200229 a 4500
001 14388
003 BD-JhCC
005 20250908094218.0
008 250908b2020 nyua|||| ||a| 001 0 eng d
020 _a 9781780556635
035 _a(BD-JhCC)14388
040 _aBD-JhCC
_dBD-JhCC
041 _aenglish
082 _a793.74
_bMOO 2020
100 _a Moore,Gareth
245 _aScience puzzles for clever kids :
_bover 100 STEM puzzles to exercise your mind /
_cGareth Moore.
260 _a London:
_bBuster Books;
_c2020.
300 _a96 p. :
_bill;
_c20 cm.
490 _a Buster brain games
650 _a Jeux intellectuels Ouvrages pour la jeunesse
_xJuvenile works
_yPuzzles
_zPuzzles Juvenile literature
942 _2ddc
_cBK
999 _c14388
_d14388